| 000 | 00549nam a2200181Ia 4500 | ||
|---|---|---|---|
| 003 | GCL | ||
| 008 | 140319s9999 xx 000 0 ara d | ||
| 040 |
_aGCL / _cGCL |
||
| 082 | 0 | 4 |
_a796.41 _bم ق |
| 100 | 1 | _aمحمد عبدالمنعم الشافعى | |
| 245 | 1 | 0 |
_aفن الحركات الارضية / _cمحمد عبدالمنعم الشافعى |
| 300 | _a148 ص | ||
| 490 |
_aمن علم الجمباز _v0 |
||
| 650 | 0 | 4 | _aالالعاب الرياضية |
| 650 | 0 | 4 | _aالجمباز |
| 650 | 0 | 4 | _aالعاب القفز |
| 942 |
_2ddc _cBK |
||
| 999 |
_c40208 _d40208 |
||